Optimized Generic Framework for Green Supplier Selection Using Multi-Attribute Utility Theory

Tento dokument predstavuje komplexný rámec pre výber zeleného dodávateľa, ktorý integruje environmentálne a sociálne kritériá. Tradične sa výber dodávateľov zameriaval na faktory ako cena, kvalita, dodacia lehota a flexibilita. S rastúcim dôrazom na environmentálnu a sociálnu zodpovednosť však dochá...

Descrizione completa

Salvato in:
Dettagli Bibliografici
Autore principale: Kmety Barteková, Mária, 1992-
Natura: Capitolo di libro
Lingua:inglese
Soggetti:
Tags: Aggiungi Tag
Nessun Tag, puoi essere il primo ad aggiungerne!!

MARC

LEADER 00000naa$a2200000$$$4500
001 0305022
005 20241113111340.7
041 0 |a eng 
044 |a SK 
245 1 0 |a Optimized Generic Framework for Green Supplier Selection Using Multi-Attribute Utility Theory  |c Mária Kmety Barteková 
520 |a Tento dokument predstavuje komplexný rámec pre výber zeleného dodávateľa, ktorý integruje environmentálne a sociálne kritériá. Tradične sa výber dodávateľov zameriaval na faktory ako cena, kvalita, dodacia lehota a flexibilita. S rastúcim dôrazom na environmentálnu a sociálnu zodpovednosť však dochádza k posunu smerom k prijímaniu ekologických konceptov a získavaniu zdrojov od environmentálne zodpovedných dodávateľov. 
610 2 0 |a dodávatelia 
610 2 0 |a inovácie environmentálne 
610 2 0 |a podnik 
610 2 0 |a udržateľnosť 
100 1 |a Kmety Barteková, Mária, 1992-